00943nam a22002657a 4500001000400000003000600004005001700010008004100027020001800068040003000086042000900116050002200125082001400147100001800161245009300179250001200272260004100284300004100325520017500366521002100541521001800562650004700580650002600627700002400653402FISKH20250827142252.0230407b cb ||||| |||| 00| 0 eng d a9780545342322 aDLCcDLCdDLCdFISKHbeng alcac00aQP434b.C565 199900a612.82211 aCole, Joanna.14aThe magic school bus explores the senses /cby Joanna Cole ; illustrated by Bruce Degen. a1st ed. aNew York :bScholastic Press,c1999. a47 pages. :bcol ill. ;c20 x 24 cm. aMs. Frizzle and her class explore the senses by traveling on the magic school bus in and out of an eye, ear, mouth, nose, and other parts of both human and animal bodies.8 a690 bLexile AD8 aM bRaz-Plus 0aSenses and sensationxJuvenile literature. 1aSenses and sensation.1 aDegen, Bruce,eill.